Statistics for 免許センターの最寄駅

Click here to take the quiz!

General Stats

  • This quiz has been taken 42 times
  • The average score is 13 of 121

Answer Stats

HintAnswer% Correct
鮫洲運転免許試験場鮫洲
58%
埼玉県埼玉県警察運転免許センター鴻巣
53%
神奈川県神奈川県警察運転免許センター二俣川
53%
青森県青森県運転免許センター新青森
34%
古川運転免許センター古川
34%
盛岡運転免許センター盛岡
34%
江東運転免許試験場東陽町
32%
光明池運転免許試験場光明池
26%
茨城県運転免許試験場水戸
26%
むつ自動車運転免許試験場下北
24%
滋賀県運転免許サブセンター(米原分室)米原
24%
新宿運転免許更新センター都庁前
24%
京都駅前運転免許更新センター京都
24%
八戸自動車運転免許試験場本八戸
21%
千葉県千葉運転免許センター海浜幕張
21%
大阪府門真運転免許試験場古川橋
21%
新潟県運転免許センター上越支所直江津
18%
流山運転免許センター流山セントラルパーク
18%
倉敷試験場倉敷
18%
倉敷運転免許更新センター倉敷
18%
和歌山県自動車運転免許第2試験場紀伊田辺
18%
田辺運転免許センター紀伊田辺
18%
香川県警察本部善通寺運転免許更新センター善通寺
18%
高岡運転免許更新センター高岡
16%
多治見運転者講習センター・多治見試験場多治見
16%
厚別優良運転者免許更新センター新札幌
16%
東部地区運転免許センター鳥取
16%
沿岸運転免許センター釜石
16%
津山試験場津山
16%
群馬県群馬県総合交通センター新前橋
16%
神戸更新センター県庁前
13%
長崎県長崎県運転免許試験場諏訪
13%
京都府京都府運転免許試験場長岡京
13%
運転免許課免許センター都留分室都留市
13%
東三河運転免許センター諏訪町
13%
茨城県郡山運転免許センター安積永盛
13%
飛騨運転者講習センター・高山試験場高山
13%
姫路更新センター東姫路
13%
安全運転学校北部分校てだこ浦西
11%
弘前自動車運転免許試験場撫牛子
11%
帯広運転免許試験場柏林台
11%
安全運転学校中部分校てだこ浦西
11%
香川県警察本部東かがわ運転免許更新センター三本松
11%
県北運転免許センター久慈
11%
延岡運転免許センター延岡
11%
釧路運転免許試験場新大楽毛
11%
長崎県運転免許センター長崎
11%
東部運転免許センター沼津
8%
愛知県愛知県運転免許試験場徳重
8%
鳥取県鳥取県自動車運転免許試験場松崎
8%
香川県香川県警察本部運転免許センター香西
8%
筑後自動車運転免許試験場羽犬塚
8%
黒崎優良運転者免許更新センター黒崎駅前
8%
渡辺通優良運転者免許更新センター渡辺通
8%
但馬運転免許センター八鹿
8%
東濃運転者講習センター・東濃試験場美乃坂本
8%
静岡県中部運転免許センター新静岡
8%
旭川運転免許試験場近文
8%
秋田県秋田県警察運転免許センター新屋
8%
仙南運転免許センター大河原
8%
新潟県運転免許センター古町出張所白山
8%
北見運転免許試験場西北見
8%
山梨県山梨県総合交通センター竜王
8%
新宮運転免許センター紀伊佐野
5%
西部地区運転免許センター東山公園
5%
神田運転免許更新センター大手町
5%
北海道札幌運転免許試験場稲穂
5%
石巻運転免許センター石巻あゆみ野
5%
島根県西部免許センター浜田
5%
東京都府中運転免許試験場新小金井
5%
福岡県筑豊自動車運転免許試験場飯塚
5%
広島県東部運転免許センター備後赤坂
5%
広島県自動車運転免許三次試験場八次
5%
山口県山口県総合交通センター新山口
5%
和歌山県和歌山県警察本部交通センター(第1試験場)交通センター前
5%
奈良県奈良県運転免許センター新ノ口
5%
富山県富山県運転教育センター東富山
5%
奥越運転者教育センター北大野
5%
岐阜運転者講習センター名鉄岐阜
5%
函館運転免許試験場桔梗
5%
岐阜県岐阜試験場名鉄岐阜
5%
西部運転免許センター遠州小松
5%
三重県三重県運転免許センター南が丘
5%
岩手県岩手県運転免許試験場渋民
5%
山形県山形県総合交通安全センター高擶
5%
北九州自動車運転免許試験場競馬場前
3%
大分県大分県運転免許センター滝尾
3%
宮崎県宮崎県総合自動車運転免許センター宮崎神宮
3%
県南運転免許センター六原
3%
福岡自動車運転免許試験場高宮
3%
鹿児島県鹿児島県総合運転免許試験場帖佐
3%
沖縄県沖縄県警察運転免許センター赤嶺
3%
高知県高知県運転免許センター枝川
3%
愛媛県愛媛県運転免許センター伊予和気
3%
佐賀県運転免許センター伊賀屋
3%
宮城県宮城県運転免許センター八乙女
3%
佐賀県佐賀県運転免許試験場伊賀屋
3%
中濃運転者講習センターせきてらす前
3%
徳島県徳島県運転免許センター金比羅前
3%
阪神更新センター伊丹
3%
中央優良運転者免許更新センター大通
3%
東信運転免許センター滋野
3%
北信運転免許センター篠ノ井
3%
滋賀県滋賀県運転免許センター堅田
3%
長野県中南信運転免許センター塩尻
3%
兵庫県兵庫県自動車運転免許試験場大蔵谷
3%
岡山県岡山県運転免許センター野々口
3%
島根県島根県免許センター朝日ヶ丘
3%
西濃運転者講習センター美濃青柳
3%
福島県福島運転免許センター庭坂
3%
石川県石川県運転免許センター蚊爪
0%
福井県福井県運転者教育センター太郎丸エンゼルランド
0%
新潟県運転免許センター長岡支所前川
0%
広島県広島県運転免許センター広域公園前
0%
丹南運転者教育センター家久
0%
熊本県熊本県運転免許センター三里木
0%
嶺南運転者教育センター十村
0%
新潟県新潟県運転免許センター佐々木
0%
都城運転免許センター三股
0%
鹿児島県交通安全教育センター坂之上
0%
栃木県栃木県運転免許センター安塚
0%

Score Distribution

Percentile by Number Answered

Percent of People with Each Score

Your Score History

You have not taken this quiz